[Event "Titled Tuesday intern op 4th Aug 10am"]
[Site "Chess.com INT"]
[Date "2020.08.04"]
[Round "3"]
[White "Riehle, Marco"]
[Black "Mendoza, Beverly"]
[Result "1-0"]
[WhiteElo "2347"]
[BlackElo "1945"]
[PlyCount "103"]
[EventDate "2020.08.04"]
[EventType "swiss (blitz)"]
[EventRounds "10"]
[EventCountry "USA"]
[SourceTitle "CBM 197 Extra"]
[Source "ChessBase"]
[SourceDate "2020.09.30"]
[SourceVersion "1"]
[SourceVersionDate "2020.09.30"]
[SourceQuality "1"]

1. e4 e6 2. d4 d5 3. exd5 exd5 4. Nf3 Bd6 5. Bd3 Ne7 6. 0-0 0-0 7. Re1 Bf5 8. Bg5 f6 9. Bh4 Nbc6 10. c3 Qd7 11. Bg3 Rae8 12. Bxd6 Qxd6 13. Bxf5 Nxf5 14. Nbd2 Rxe1+ 15. Qxe1 Qf4 16. Qe6+ Kh8 17. Qxd5 Re8 18. Qf7 Nd6 19. Qd5 Re2 20. Nf1 Ne4 21. Qb5 Rxf2 22. Qxb7 h5 23. Qxc6 Qg4 24. Ne3 Qf4 25. Qe8+ Kh7 26. Qxh5+ Kg8 27. Qe8+ Kh7 28. Qh5+ Kg8 29. Qd5+ Kh8 30. Nf1 Qg4 31. Ng3 f5 32. Qd8+ Kh7 33. Qh4+ Qxh4 34. Nxh4 Rxb2 35. Nhxf5 Nxc3 36. h3 g6 37. Ne3 Nxa2 38. Ng4 a5 39. Re1 Kg7 40. Re7+ Kf8 41. Rxc7 a4 42. Ra7 Nc3 43. Nf6 Ra2 44. Nge4 Ra1+ 45. Kh2 a3 46. Nxc3 a2 47. Rxa2 Rc1 48. Nce4 Rc4 49. Ra8+ Ke7 50. d5 Rd4 51. d6+ Ke6 52. d7 1-0